1378 1939 1220 1731 1039 1043 1731 1973 1453 1575 1144 1110 1908 1432 1519 1716 1938 1547 1282 1725 1089 1558 1443 1705 1592 1250 1757 1219 1038 1289 1704 1456 1659 1800 1280 1263 1292 1191 1351 1632 1175 1679 1241 1598 1551 1838 1891 1896 1296 1491 1219 1948 1575 1246 1034 1869 1760 1142 1447 1281 1626 1251 1412 1066 1842 1285 1312 1572 1371 1813 1696 1616 1229 1456 1498 1674 1856 1641 1071 1977 1265 1975 1495 1464 1364 1272 1959 1515 1646 1865 1708 1267 1462 1832 1617 1448 1070 1460 1970 BCNSPRNW ULIB Ver.6.0+V

เปลี่ยนเป็นภาษาไทย

Change to English
 แสดงรายละเอียดบรรณานุกรม
  กลับหน้าหลัก

Brief Record : Get Marc (ISO 2709) : E-mail record : QR code < ปิดหน้าต่าง
LEADER : 00000nas 2200000uu 4500
001    13399114640
003     ULIB
008    120425s||||||||th 000 0 tha d
022    ^a16869494
110    ^aโรงพยาบาลศูนย์/โรงพยาบาลทั่วไป
245    ^aวารสารวิชาการ เขต 4
260    ^aโรงพยาบาล :^b,^cม.ป.ป.
310    ^aราย 4 เดือน
850    ^aฉบับที่ 3 ปีที่ 13 ;ฉบับที่ 1 ปีที่ 14
945    ^p0^l0^i800108
945    ^p0^l0^i800179
999    ^aใช้งานได้ทุกระบบ
รายการนี้ยังไม่มีแท็ก
คุณยังไม่ได้ล็อกอิน คุณสามารถมีกิจกรรมร่วมกับเว็บไซต์ได้ แต่ต้องล็อกอินก่อน ::
  ล็อกอิน

รายการสื่อสารสนเทศ (วารสาร)

ดูแบบ: กล่อง รายการ
ARRIVED
no call number
สถานที่: ห้องสมุดวิทยาเขตสวรรค์ประชารักษ์ >วารสาร

BibComment


ยังไม่เคยถูกคอมเมนท์

คอมเมนท์ทรัพยากรรายการนี้
  คอมเมนท์: วารสารวิชาการ เข..


 Copyright 2026. Bcnsprnw @Library